[Event "20th Dubai Open 2018"]
[Site "Dubai"]
[Date "2018.04.07"]
[Round "6"]
[White "Sharma, Dinesh K"]
[Black "Karthik, Venkataraman"]
[Result "1-0"]
[WhiteElo "2261"]
[BlackElo "2470"]
[Annotator "TA"]
[PlyCount "175"]
[EventDate "2018.??.??"]
[EventType "swiss"]
[EventCountry "UAE"]
[SourceTitle "playchess.com"]
[Source "ChessBase"]
[SourceQuality "1"]

{[%evp 18,175,22,18,25,0,0,5,14,-65,-79,-79,-74,-83,-73,-66,-25,-32,11,7,71,75,66,44,92,40,69,60,66,74,71,57,99,60,79,25,24,35,31,0,34,-72,-72,-103,-87,-103,-107,-114,-120,-118,-110,-108,-99,-101,-96,-101,-92,-106,-28,-18,-6,-196,-191,-167,-202,-189,0,-33,-33,-42,-44,-33,89,82,85,63,132,131,171,85,85,0,120,115,114,85,102,108,374,371,368,364,562,542,548,542,481,534,525,461,544,539,563,546,603,590,575,588,581,540,5243,5193,5147,5140,5114,5072,4346,2843,2726,2651,2658,2313,2254,1929,7543,7517,1890,658,7575,7538,7370,6455,5197,5064,6588,6436,5774,4764,29971,29972,29974,29975,29984,29985,29985,29983,29983,29984,29984,29985,29985,29986,29986,29987,29987,29988,29988,29989,29989,29990]} 1. e4 c5 2. Nf3 d6 3. Bc4 Nf6 4. d3 Nc6 5. c3 e6 6. Bb3 Be7 7. O-O O-O 8. Re1 e5 9. Nbd2 {B50: Sicilian: 2...d6, Miscellaneous} h6 (9... b5 10. a4 b4 11. Nc4 Rb8 12. Bg5 Be6 13. Rb1 Nd7 14. Bxe7 Qxe7 15. Nfd2 Nf6 16. a5 Qc7 {½-½ (49) Artemiev,V (2697)-Nepomniachtchi,I (2751) Moscow 2018}) 10. Nf1 {LiveBook: 12 Games} Be6 11. Bc2 {White has an edge.} Rc8 $146 ({Predecessor:} 11... Qc7 12. Ne3 d5 13. exd5 Nxd5 14. Nxd5 Bxd5 15. Qe2 Bd6 16. h3 Rae8 {½-½ (37) Katyshkina,A (1882)-Kudrjavich,D (1936) St Petersburg 2010}) 12. Ne3 Re8 13. d4 ({White should play} 13. Bb3 $11) 13... cxd4 $15 14. cxd4 exd4 15. Nxd4 Nxd4 16. Qxd4 a6 17. Qd1 Qb6 18. Ba4 {Nd5 is the strong threat.} Nxe4 (18... Rf8 $11 {remains equal.}) 19. Bxe8 $16 Rxe8 20. Qa4 (20. f3 $5 {[%cal Rf3e4]} Nf6 21. Kh1 $11) 20... Nf6 21. Nd1 (21. b3 $1 $16) 21... d5 22. Be3 Bc5 23. Bxc5 Qxc5 24. Nc3 Rd8 25. Rad1 d4 26. Ne4 ({Better is} 26. Qa3 $1 $16 {[%cal Ra3c5]} Qxa3 27. bxa3) 26... Nxe4 $11 27. Rxe4 d3 {Threatens to win with ...d2.} 28. h3 (28. Qb4 $5 {[%cal Rb4c5]} Qc2 29. Qd2 Qxd2 30. Rxd2 $11) 28... Kh7 29. Rd2 {[#]} (29. Re3 $14 {keeps the upper hand.}) 29... Bxh3 $1 $17 {[%mdl 512]} 30. Re3 (30. gxh3 Qg5+) 30... Bf5 31. Re1 Bg6 32. a3 Rd4 33. Qd1 Qd6 34. Qf3 Qd7 35. Qe3 Rd5 36. Qe8 Qg4 37. Qb8 Rg5 ({Black should try} 37... Rc5 $17 {Hoping for ...Qg5.} 38. Qd6 Rc2 39. Rxd3 Bxd3 40. Qxd3+ Qg6) 38. Qxb7 $11 Qh4 39. Re3 $2 ({Reject} 39. g3 Qf4 $17) (39. Qb4 $11 {and White has nothing to worry.} Qh3 40. Qb7) 39... Rh5 $1 $19 {[%csl Gh5][%cal Rh4h1][%mdl 1024] Black has strong compensation.} 40. Rh3 Qg5 41. Re3 Bf5 $2 (41... Qa5 $1 $19 {[%cal Ra5d2]} 42. Qb4 Qc7) 42. Qe7 {aiming for Qxg5.} Qf4 {( -> ...Qh2+)} 43. Qe5 $1 {[%cal Re5f4]} Qh4 {[%csl Gh5][%cal Rh4h1]} 44. f4 $1 Bg6 (44... Qh1+ $15 {stays ahead.} 45. Kf2 Qh4+ 46. Kf1 Qg4) 45. Rh3 $16 Rxe5 46. Rxh4 {[%mdl 4096] Endgame KRR-KRB} Re1+ ({But not} 46... Re2 $2 47. Rxe2 dxe2 48. Kf2 $18) (46... Rc5 $14) 47. Kf2 Rb1 48. Ke3 (48. g4 $18 {has better winning chances.} Be4 49. f5) 48... Re1+ {[#]} 49. Kf2 (49. Kd4 $1 $16) 49... Rc1 {[#]} (49... Rb1 $1 $11 {keeps the balance.}) 50. g4 $1 Be4 51. Ke3 f5 52. g5 Kg6 $2 {[%mdl 8192]} (52... Re1+ $16 53. Kd4 a5) 53. gxh6 $18 gxh6 54. Rdh2 a5 (54... Re1+ $142 55. Kd2 Rb1 56. Rxh6+ Kg7) 55. Rxh6+ Kg7 56. Rh7+ Kg8 57. Ra7 Re1+ 58. Kd2 Rb1 59. Kc3 Rc1+ 60. Kd4 Re1 {intending ...Re2.} 61. Rd2 Rf1 62. Ke5 Re1 63. Kf6 Re2 64. Rg7+ Kf8 65. Rxe2 dxe2 {KR-KB} 66. Rg1 Ke8 67. Re1 Bd3 68. Ke6 a4 69. Kd6 Kf7 70. Ke5 Kg6 71. Kd4 Ba6 72. Rg1+ (72. Ke3 $142 Kf7 73. Rh1) 72... Kh5 73. Ke3 Kh4 74. Kf3 {[%cal Rg1h1]} Kh5 75. Kf2 Kh4 76. Rg6 Bb5 77. Rb6 Bd3 78. Rb4 {White mates.} Kg4 79. Rxa4 Be4 {[#]} 80. Rxe4 $1 fxe4 81. Kxe2 Kxf4 {KPP-KP} 82. a4 {[%cal Ba3a4,Ba4a5,Ba5a6][%mdl 32]} Ke5 83. Ke3 Kd5 84. b4 {[%cal Bb2b4,Bb4b5][%mdl 32]} Kc4 85. a5 Kd5 86. a6 Kc6 87. Kxe4 Kb6 {[#]} 88. b5 $1 {Precision: White = 54%, Black = 37%.} 1-0

[Event "20th Dubai Open 2018"]
[Site "Dubai"]
[Date "2018.04.07"]
[Round "6"]
[White "Othman, A  Moussa"]
[Black "Kiriakov, Petr"]
[Result "0-1"]
[WhiteElo "2251"]
[BlackElo "2520"]
[Annotator "TA"]
[PlyCount "56"]
[EventDate "2018.??.??"]
[EventType "swiss"]
[EventCountry "UAE"]
[SourceTitle "playchess.com"]
[Source "ChessBase"]
[SourceQuality "1"]

{[%evp 13,56,69,79,43,43,41,34,38,46,37,64,37,35,6,13,0,0,-40,-43,-41,-25,-77,-73,-78,-66,-79,-69,-106,-111,-104,-94,-117,-120,-169,-127,-625,-606,-616,-594,-606,-585,-770,-750,-678,-665]} 1. d4 Nf6 2. c4 e5 3. dxe5 Ng4 4. Bf4 g5 5. Bd2 Nxe5 6. Nf3 Bg7 7. Nxe5 {A52: Budapest Gambit} Bxe5 {LiveBook: 17 Games} 8. Qc1 Rg8 9. e3 $146 {White is slightly better.} ({Predecessor:} 9. g3 d5 10. Bg2 d4 11. O-O c6 12. e3 Be6 13. exd4 Bxd4 14. Nc3 f5 {1-0 (25) Koziak,V (2509)-Kadyk,A (2201) Mukachevo 2013}) 9... Nc6 10. Nc3 d6 11. Qc2 h5 12. Nd5 Be6 13. Bc3 (13. Qb3 {is more complex.} Rb8 14. h4 g4 15. Qc2 Kf8 16. Rd1) 13... Bxc3+ 14. Qxc3 {Threatens to win with Nf6+.} Ne5 $1 15. Rd1 c6 16. Nb4 Qe7 17. Nc2 (17. Be2 $11) 17... c5 $17 18. Be2 g4 19. e4 O-O-O 20. Rd2 f5 21. exf5 Bxf5 {[%cal Be6f5,Bf5e4,Be4g2][%mdl 32]} 22. Ne3 Be4 23. Nd5 Qf7 24. b4 $2 {[%mdl 8192] [#]} (24. O-O $17) 24... Bxg2 $19 {Black is clearly winning.} 25. Rg1 Nf3+ 26. Bxf3 Bxf3 27. bxc5 dxc5 28. Ne3 Qc7 {Precision: White = 31%, Black = 86%.} 0-1

[Event "20th Dubai Open 2018"]
[Site "Dubai"]
[Date "2018.04.07"]
[Round "6"]
[White "Ranaldi, Lucas"]
[Black "Laxman, R.R"]
[Result "1/2-1/2"]
[WhiteElo "2226"]
[BlackElo "2441"]
[Annotator "TA"]
[PlyCount "161"]
[EventDate "2018.??.??"]
[EventType "swiss"]
[EventCountry "UAE"]
[SourceTitle "playchess.com"]
[Source "ChessBase"]
[SourceQuality "1"]

{[%evp 11,161,5,0,0,3,0,0,0,0,-2,33,30,49,0,0,10,23,-8,37,45,60,10,0,0,12,0,0,0,5,-41,-43,-36,110,98,95,112,104,105,94,93,86,87,91,96,103,96,109,91,93,87,99,93,97,87,98,54,77,0,99,97,100,103,93,97,97,92,118,58,58,53,60,37,29,0,14,0,0,0,0,0,59,72,82,4,80,0,0,0,8,0,0,0,0,0,0,0,0,0,0,-134,-134,-134,-134,-134,-134,-134,-134,-134,-135,-151,-152,-161,-134,-134,-134,-134,-134,-314,-311,-269,-259,-244,-114,-503,-523,-479,-474,-1193,-1110,-1810,-1916,-5077,-5077,-5077,-5064,-1991,0,0,0,0,0,0,0,0,0,0,0,-10,0,0,0,0]} 1. Nf3 Nf6 2. c4 e6 3. g3 d5 4. b3 a5 5. Nc3 d4 6. Nb5 {A13: English Opening: 1...e6} (6. Na4 Nc6 7. Bg2 e5 8. O-O Be7 9. d3 O-O 10. e3 Bg4 11. h3 Bh5 12. g4 Bg6 13. exd4 exd4 {½-½ (41) Piorun,K (2657)-Movsesian,S (2673) Tallinn 2016}) 6... Nc6 {LiveBook: 6 Games} 7. Bb2 {[%cal Rb5d4]} e5 8. Bg2 Bc5 9. e3 O-O 10. O-O Bf5 11. exd4 exd4 12. d3 $146 ({Find the theoretical novelty and annotate with similar games:} 12. Re1 d3 13. Ne5 {1-0 (26) Rosen,B (2316)-Wengenroth,W (2260) Germany 2001}) 12... Qd7 13. a3 Rae8 14. Qd2 Ng4 {[%cal Bf6g4,Bg4h6,Bh6f5][%mdl 32]} 15. Nh4 $1 Be6 16. Rad1 f6 17. h3 Nh6 18. Kh2 Nf5 19. Nf3 $1 Ne5 20. b4 Nxf3+ 21. Bxf3 Be7 (21... axb4 $15 {stays ahead.} 22. axb4 Bb6) 22. Rfe1 $36 {[%mdl 2048] aiming for Rxe6! White is really pushing.} Bd8 23. Rxe6 ({Much weaker is} 23. bxa5 c6 $15) (23. g4 Nh4 $17) 23... Rxe6 24. Bd5 {Strongly threatening Re1.} c6 25. Bxe6+ Qxe6 26. Nxd4 Nxd4 27. Bxd4 axb4 28. axb4 Bc7 29. Bc3 h5 30. Re1 Qd7 31. h4 Rd8 32. Re3 Qg4 33. Re4 Qf3 34. Re3 Qg4 $1 35. Re7 Bd6 {[#]} 36. Re4 $1 {[%cal Re4g4]} ({Not} 36. Rxb7 $2 Re8 $19) 36... Qf5 37. Qe2 Kf7 38. Kg2 b5 39. Qf3 (39. Bd4 $16) 39... Qxf3+ $14 40. Kxf3 {[%mdl 4096] Endgame KRB-KRB} Be7 41. Ke2 Ra8 42. cxb5 cxb5 43. Kd1 Ra3 44. Kc2 Ra2+ 45. Bb2 f5 (45... Ra4 $11) 46. Re2 Ra4 47. Bc3 (47. Re5 $16) 47... Bxb4 {[#]} (47... Ra2+ $11 {remains equal.} 48. Bb2 g6) 48. Bxb4 (48. Re5 $1 $16) 48... Rxb4 $11 {KR-KR} 49. Kc3 Rb1 50. f4 g6 51. Re3 Kf6 52. Kc2 Ra1 53. Kb2 Ra6 54. Re5 b4 55. d4 (55. Kb3 $11 {keeps the balance.}) 55... Ra3 $17 56. Rb5 Rxg3 57. Rb6+ Ke7 58. Rxb4 Rg4 59. Rb7+ Ke6 60. Kc3 Rxf4 61. Rb6+ Kf7 62. Rb7+ Kf6 63. Rb6+ Kg7 64. Rb7+ $2 (64. d5 $17) 64... Kh6 $19 65. d5 Rxh4 66. d6 {And now d7 would win.} Rh1 (66... Ra4 $19 {and Black stays clearly on top.} 67. d7 Ra8) 67. Kd4 $2 {[%mdl 8192]} (67. Kd2 $17 {was the crucial defense.} Ra1 68. d7) 67... Kg5 68. d7 Rd1+ 69. Ke5 (69. Ke3 $142) 69... h4 70. Ke6 h3 71. Rb8 Kg4 ({Stronger than} 71... h2 72. Rh8 $11) 72. d8=Q Rxd8 73. Rxd8 {KR-K3P} h2 $2 ({Black should try} 73... f4 $19 74. Ke5 f3) 74. Rh8 $11 {The position is equal.} Kg3 75. Rh6 $1 f4 {...g5 is the strong threat.} 76. Rxg6+ Kf2 77. Rh6 Kg2 78. Rg6+ Kh1 (78... Kf2 $5 79. Rh6 $8 Kg2 80. Rg6+ Kh1 $11) 79. Ke5 f3 80. Rf6 $1 Kg1 81. Rg6+ {Precision: White = 50%, Black = 63%.} 1/2-1/2

[Event "20th Dubai Open 2018"]
[Site "Dubai"]
[Date "2018.04.07"]
[Round "6"]
[White "Mohannad, Farhan"]
[Black "Sindarov, Javokhir"]
[Result "0-1"]
[WhiteElo "2219"]
[BlackElo "2431"]
[Annotator "TA"]
[PlyCount "168"]
[EventDate "2018.??.??"]
[EventType "swiss"]
[EventCountry "UAE"]
[SourceTitle "playchess.com"]
[Source "ChessBase"]
[SourceQuality "1"]

{[%evp 13,168,0,49,16,29,21,24,27,27,22,33,30,32,0,0,8,18,13,71,66,82,83,76,80,78,64,89,76,82,79,55,60,89,14,22,19,19,14,35,9,15,16,24,19,13,14,29,27,56,13,48,51,48,50,43,44,52,47,48,46,47,37,50,42,63,41,70,0,0,0,0,0,0,0,0,0,11,9,12,2,2,0,0,0,0,0,46,0,0,0,11,0,0,0,0,0,0,0,0,0,0,-20,0,-131,-122,-129,-121,-114,-122,-97,-70,-129,-122,-83,-83,-357,-310,-268,0,-325,-322,-819,-819,-689,-694,-664,-479,-481,-465,-489,-371,-472,-438,-29968,-29970,-29969,-29971,-29971,-29972,-12844,-6195,-29977,-29977,-29976,-29977,-29977,-29974,-29980,-29981,-29980,-29981,-29981,-29982,-29985,-29986,-29986,-29987]} 1. d4 d5 2. Nf3 c6 3. Bf4 Nf6 4. e3 Qb6 5. Qc1 Bf5 6. Be2 Nbd7 {D02: 1 d4 d5 2 Nf3 sidelines, including 2...Nf6 3 g3 and 2...Nf6 3 Bf4} (6... e6 7. O-O Nbd7 8. c4 Nh5 9. Be5 f6 10. c5 Qd8 11. Bd6 Bxd6 12. cxd6 Bxb1 13. Rxb1 f5 14. Ne5 Nhf6 15. b4 Rc8 16. f3 O-O 17. Nd3 Rf7 18. Ne5 Rf8 19. Nd3 Rf7 20. Ne5 {½-½ (20) Paragua,M (2513)-Coleman,T (2386) Las Vegas 2017}) 7. O-O h6 {LiveBook: 3 Games} 8. Nbd2 e6 {The position is equal.} 9. c4 Be7 10. c5 Qd8 11. b4 g5 $146 ({Predecessor:} 11... Ne4 12. b5 {1-0 (29) Ivanova,T (2206)-Bistrikova,E (2185) St Petersburg 2005}) 12. Bg3 $1 Nh5 13. Bd6 Bxd6 14. cxd6 Nhf6 15. Ne5 $36 {[%mdl 2048] White is pushing.} Qb8 (15... Nb8 $11) 16. b5 $16 Qxd6 17. bxc6 bxc6 18. Qxc6 Qxc6 19. Nxc6 Kf8 20. Ba6 Kg7 21. Bb7 Rae8 {[%cal Ba8e8,Be8e7,Be7c7][%mdl 32]} 22. Nb3 Nb8 23. Nca5 (23. Nxa7 $16 Bd3 24. Rfc1) 23... Ne4 $11 24. f3 Nd6 25. Nc5 Re7 26. Rfe1 Bg6 27. Rac1 Kh7 28. Rc3 Rc7 29. Rec1 Re8 30. Ba6 e5 31. Bf1 {Black should prevent Ne4.} Nf5 32. Ne4 {Hoping for Nf6+.} Rxc3 33. Nf6+ Kh8 34. Rxc3 exd4 35. exd4 Rd8 36. Nb7 Rf8 37. Nxd5 Nxd4 38. Ne7 Bb1 39. a4 (39. Rc4 {is interesting.} Nf5 40. Nxf5 Bxf5 41. Rc7 Be6 42. Nd6) 39... Re8 40. Rc8 ({White should try} 40. Nc8 $14) 40... Rxc8 41. Nxc8 Nbc6 42. Nbd6 Kg7 43. Nb5 a5 44. Kf2 Ne6 45. Nb6 Nc5 46. Nc3 Bc2 47. Ke3 f5 48. g3 Kf6 49. Bb5 Ne5 50. h3 Bb3 51. f4 Nf7 (51... Ng6 {feels hotter.} 52. Nc4 gxf4+ 53. gxf4 Bxc4 54. Bxc4 h5) 52. Bc6 Nd6 53. Nd7+ (53. Bf3 {is more complex.} Kg6 54. Bg2 Kf6 55. h4 Ne6 56. Ba8) 53... Nxd7 54. Bxd7 {[%mdl 4096] Endgame KBN-KBN} Ke7 55. Bc6 g4 56. h4 Nc4+ 57. Ke2 Nb6 58. Kd3 (58. Ke3 $1 $11 {remains equal.}) 58... Kd6 $17 59. Be8 Kc5 $1 60. Bg6 Bc4+ 61. Kc2 Be6 {Threatens to win with ...Kd4.} 62. Kd3 {[#]} Nc4 $1 63. Ne2 Bc8 64. Nd4 $2 {[%mdl 8192]} (64. Nc3 $17 {is the only way for White.}) 64... Nb2+ 65. Ke3 Nc4+ 66. Kd3 {[#]} Nd6 $1 67. Ne2 $2 (67. Nc2 Ne4 68. Ke3) 67... Ba6+ $19 68. Ke3 Bxe2 69. Kxe2 {KB-KN} Ne4 70. Ke3 Nxg3 71. Be8 Kd6 72. Bb5 Ne4 73. Be8 (73. Bd3 $19 Kd5 74. Bc2) 73... Nf6 74. Bg6 Nd5+ 75. Kf2 Ke6 76. Kg3 Nc3 77. Be8 Ne2+ {Black mates.} 78. Kf2 Nxf4 79. Kg3 Ke5 80. Bd7 Nh5+ 81. Kf2 Nf6 82. Bc6 f4 {[%cal Bf5f4,Bf4f3][%mdl 32]} 83. Bb7 Ne4+ 84. Kg2 f3+ {Precision: White = 54%, Black = 63%.} 0-1

[Event "20th Dubai Open 2018"]
[Site "Dubai"]
[Date "2018.04.07"]
[Round "6"]
[White "Zhu, Yilun"]
[Black "Tania, Sachdev"]
[Result "1-0"]
[WhiteElo "2195"]
[BlackElo "2407"]
[Annotator "NA"]
[PlyCount "65"]
[EventDate "2018.??.??"]
[EventType "swiss"]
[EventCountry "UAE"]
[SourceTitle "playchess.com"]
[Source "ChessBase"]
[SourceQuality "1"]
[TimeControl "5400+30"]

1. e4 {[%emt 0:00:00]} e5 {[%emt 0:01:45]} 2. Nf3 {[%emt 0:00:00]} Nc6 {[%emt 0:00:04]} 3. Bb5 {[%emt 0:00:01]} a6 {[%emt 0:00:06]} 4. Ba4 {[%emt 0:00:03]} Nf6 {[%emt 0:00:26]} 5. O-O {[%emt 0:00:07]} b5 {[%emt 0:00:06]} 6. Bb3 {[%emt 0:00:03]} Be7 {[%emt 0:00:08]} 7. Re1 {[%emt 0:00:15]} d6 {[%emt 0:00:49]} 8. c3 {[%emt 0:00:13]} O-O {[%emt 0:00:12]} 9. d4 {[%emt 0:00:20]} Bg4 {[%emt 0:03:31]} 10. Be3 {[%emt 0:00:07]} exd4 {[%emt 0:11:17]} 11. cxd4 {[%emt 0:00:09]} Na5 {[%emt 0:05:15]} 12. Bc2 {[%emt 0:00:05]} d5 {[%emt 0:11:13]} 13. e5 {[%emt 0:02:57]} Ne4 {[%emt 0:00:37]} 14. Nbd2 {[%emt 0:12:18]} Nxd2 {[%emt 0:07:51]} 15. Qxd2 {[%emt 0:00:32]} Nc4 {[%emt 0:00:15]} 16. Qd3 {[%emt 0:00:06]} g6 {[%emt 0:00:04]} 17. Bh6 {[%emt 0:00:44]} Re8 {[%emt 0:02:01]} 18. b3 {[%emt 0:10:03]} Na3 {[%emt 0:00:57]} 19. Bd1 {[%emt 0:00:06]} c5 {[%emt 0:11:22]} 20. dxc5 {[%emt 0:00:54]} Bxc5 {[%emt 0:00:04]} 21. Rc1 {[%emt 0:29:08]} Bf5 {[%emt 0:19:49]} 22. Qd2 {[%emt 0:01:06]} Qb6 {[%emt 0:13:32]} 23. Qb2 {[%emt 0:06:55]} Bb4 {[%emt 0:05:57]} 24. e6 {[%emt 0:02:40]} d4 {[%emt 0:00:01]} 25. exf7+ {[%emt 0:00:04]} Kxf7 {[%emt 0:00:02]} 26. Ng5+ {[%emt 0:00:16]} Kg8 {[%emt 0:00:43]} 27. Bf3 {[%emt 0:02:55]} Bxe1 {[%emt 0:01:21]} 28. Bd5+ {[%emt 0:00:08]} Kh8 {[%emt 0:01:56]} 29. Nf7+ {[%emt 0:19:55]} Kg8 {[%emt 0:00:02]} 30. Ng5+ {[%emt 0:00:08]} Kh8 {[%emt 0:00:01]} 31. Rc7 {[%emt 0:03:47]} Be6 {[%emt 0:03:10]} 32. Nxe6 {[%emt 0:00:19]} Rxe6 {[%emt 0:00:43]} 33. Bxe6 {[%emt 0:00:16]} 1-0

[Event "20th Dubai Open 2018"]
[Site "Dubai"]
[Date "2018.04.07"]
[Round "6"]
[White "Ma, Lin"]
[Black "Rajdeep Sarkar"]
[Result "0-1"]
[WhiteElo "2156"]
[BlackElo "2393"]
[Annotator "NA"]
[PlyCount "78"]
[EventDate "2018.??.??"]
[EventType "swiss"]
[EventCountry "UAE"]
[SourceTitle "playchess.com"]
[Source "ChessBase"]
[SourceQuality "1"]
[TimeControl "5400+30"]

1. Nf3 {[%emt 0:00:23]} e6 {[%emt 0:00:06]} 2. g3 {[%emt 0:00:36]} b5 {[%emt 0:00:06]} 3. Bg2 {[%emt 0:00:54]} Bb7 {[%emt 0:00:06]} 4. d4 {[%emt 0:00:36]} Nf6 {[%emt 0:00:41]} 5. O-O {[%emt 0:00:08]} c5 {[%emt 0:00:36]} 6. b3 {[%emt 0:03:01]} cxd4 {[%emt 0:04:02]} 7. Nxd4 {[%emt 0:01:11]} Bxg2 {[%emt 0:00:20]} 8. Kxg2 {[%emt 0:00:04]} Qb6 {[%emt 0:00:27]} 9. Bb2 {[%emt 0:06:03]} Nc6 {[%emt 0:04:03]} 10. e3 {[%emt 0:05:54]} Be7 {[%emt 0:03:47]} 11. Nd2 {[%emt 0:01:13]} d5 {[%emt 0:04:41]} 12. Qe2 {[%emt 0:11:24]} a6 {[%emt 0:00:45]} 13. N2f3 {[%emt 0:07:56]} O-O {[%emt 0:02:36]} 14. a4 {[%emt 0:06:09]} b4 {[%emt 0:01:21]} 15. c3 {[%emt 0:03:34]} bxc3 {[%emt 0:08:35]} 16. Bxc3 {[%emt 0:00:47]} Ne4 {[%emt 0:02:39]} 17. Nxc6 {[%emt 0:09:01]} Qxc6 {[%emt 0:00:17]} 18. Bd4 {[%emt 0:00:04]} Qb7 {[%emt 0:03:21]} 19. Qd3 {[%emt 0:04:30]} f6 {[%emt 0:09:12]} 20. Rac1 {[%emt 0:07:11]} e5 {[%emt 0:03:32]} 21. Bb6 {[%emt 0:02:11]} Rfc8 {[%emt 0:14:24]} 22. Rfd1 {[%emt 0:07:57]} Bb4 {[%emt 0:12:19]} 23. Qxd5+ {[%emt 0:08:56]} Qxd5 {[%emt 0:00:08]} 24. Rxc8+ {[%emt 0:00:04]} Rxc8 {[%emt 0:00:02]} 25. Rxd5 {[%emt 0:00:04]} Rc2 {[%emt 0:00:02]} 26. Kg1 {[%emt 0:00:13]} Rxf2 {[%emt 0:03:12]} 27. Nd4 {[%emt 0:01:03]} Rb2 {[%emt 0:07:58]} 28. Rd8+ {[%emt 0:04:22]} Kf7 {[%emt 0:00:09]} 29. Rd7+ {[%emt 0:00:45]} Kg6 {[%emt 0:03:35]} 30. Nc6 {[%emt 0:03:17]} Bc3 {[%emt 0:05:19]} 31. a5 {[%emt 0:05:10]} Ng5 {[%emt 0:02:31]} 32. Ne7+ {[%emt 0:00:34]} Kh5 {[%emt 0:00:15]} 33. Nd5 {[%emt 0:00:36]} Nf3+ {[%emt 0:01:41]} 34. Kf1 {[%emt 0:00:03]} Nxh2+ {[%emt 0:00:04]} 35. Kg1 {[%emt 0:00:03]} Be1 {[%emt 0:03:09]} 36. e4 {[%emt 0:01:24]} Kg4 {[%emt 0:00:41]} 37. Rxg7+ {[%emt 0:00:36]} Kf3 {[%emt 0:00:04]} 38. Rf7 {[%emt 0:00:30]} Ng4 {[%emt 0:00:12]} 39. Nxf6 {[%emt 0:00:27]} Bf2+ {[%emt 0:00:06]} 0-1

[Event "20th Dubai Open 2018"]
[Site "Dubai"]
[Date "2018.04.08"]
[Round "7"]
[White "Amin, Bassem"]
[Black "Harsha, Bharathakoti"]
[Result "1-0"]
[WhiteElo "2700"]
[BlackElo "2424"]
[Annotator "TA"]
[PlyCount "108"]
[EventDate "2018.??.??"]
[EventType "swiss"]
[EventCountry "UAE"]
[SourceTitle "playchess.com"]
[Source "ChessBase"]
[SourceQuality "1"]

{[%evp 24,108,-7,-8,-10,-35,-18,-21,-25,-20,-29,-72,-79,-45,0,0,0,0,0,0,3,-7,-8,-13,0,0,0,0,0,0,0,0,0,0,0,0,0,0,31,22,66,55,114,116,104,114,211,178,218,206,235,218,341,291,311,249,249,340,290,193,193,193,193,175,295,177,194,187,515,475,29961,29952,29961,29960,7420,2326,29968,29965,29971,29972,29971,29972,29972,29970,29971,29971,29973]} 1. Nf3 d5 2. g3 g6 3. Bg2 Bg7 4. d4 Nf6 5. O-O O-O 6. c4 c6 7. Nbd2 Bf5 8. b3 Nbd7 9. Bb2 {D78: Fianchetto Grünfeld: 6 0-0 c6} a5 10. Nh4 (10. a3 Qb8 11. Rc1 Rd8 12. e3 Ne4 13. Qe2 Nxd2 14. Nxd2 Nf6 15. h3 Be6 16. Rfd1 h5 {1-0 (62) Howell,D (2676)-Motylev,A (2675) London 2017}) 10... Be6 11. e4 Nxe4 12. Nxe4 dxe4 13. Bxe4 {LiveBook: 3 Games} Bh3 14. Re1 Nc5 $146 ({Find the theoretical novelty and annotate with similar games:} 14... a4 15. Bg2 Bxg2 16. Kxg2 e6 17. Nf3 {½-½ (36) Kociscak,J (2478)-Konopka,M (2392) Prague 2016}) 15. Bg2 Bxg2 16. Kxg2 Ne6 17. Nf3 c5 {[%cal Rc5d4]} 18. Re4 b5 19. d5 {Black must now prevent Bxg7.} Bxb2 20. Rb1 $36 {[%mdl 2048] Black is under pressure.} bxc4 21. bxc4 Rb8 {And now ...Ng7 would win.} 22. dxe6 f5 23. Re2 {Hoping for Qxd8.} Qxd1 24. Rxd1 Rb4 25. Rd5 Rc8 26. Rc2 Kg7 27. Rd7 Bf6 28. Ra7 Rb6 29. Nd2 Rxe6 30. Nb3 Re1 31. Rxa5 Bd4 32. a4 {[%cal Ba2a4,Ba4a5,Ba5a6,Ba6a7][%mdl 32]} e5 ({Better is} 32... Re6 $14) 33. Rb5 $16 e4 34. a5 e3 (34... Ra8 $16 35. Ra2 (35. Nxc5 Bxc5 36. Rxc5 Ra1 $14) 35... Ra6 36. Nxc5 Bxc5) 35. fxe3 $18 Rxe3 {[#]} 36. a6 $1 Ra8 37. Ra2 (37. Nxc5 Bxc5 38. Rxc5 Rxa6 $14) 37... Re6 (37... Kf7 {keeps fighting.} 38. Nxc5 Bxc5) 38. Rb7+ ({Stronger than} 38. Nxc5 Bxc5 39. Rxc5 Raxa6 $11) 38... Kf6 39. a7 Re7 40. Ra6+ Kf7 41. Na5 Rxb7 42. Nxb7 {[%mdl 4096] Endgame KRB-KRN} Be5 43. Kf3 g5 (43... Ke7 $142 44. h3 (44. Nxc5 Bd4 $11) 44... Kd7 45. Nxc5+ Kc7) 44. Nxc5 Bd4 45. Ne6 Rxa7 $2 (45... g4+ {is a better chance.} 46. Kf4 Rxa7) 46. Nxg5+ Kg7 (46... Kg8 $18) 47. Rxa7+ Bxa7 {[#] KB-KN} 48. c5 $1 {[%cal Rc5c6][%mdl 512]} Kf6 (48... Bxc5 49. Ne6+) 49. c6 (49. Nxh7+ $142 Kg7 50. Ng5) 49... Bb8 50. Nxh7+ {White mates.} Ke5 51. Nf8 Kd5 52. Ng6 Bd6 53. h4 {[%cal Bh2h4,Bh4h5][%mdl 32]} Kxc6 54. h5 Kd5 {Precision: White = 93%, Black = 41%.} 1-0

[Event "20th Dubai Open 2018"]
[Site "Dubai"]
[Date "2018.04.08"]
[Round "7"]
[White "Akopian, Vladimir"]
[Black "Christiansen, Johan-Sebastian"]
[Result "1-0"]
[WhiteElo "2667"]
[BlackElo "2498"]
[Annotator "TA"]
[PlyCount "51"]
[EventDate "2018.??.??"]
[EventType "swiss"]
[EventCountry "UAE"]
[SourceTitle "playchess.com"]
[Source "ChessBase"]
[SourceQuality "1"]

{[%evp 18,51,26,2,19,26,120,117,233,225,381,376,498,485,639,629,620,626,937,915,1344,991,972,941,2679,2445,29980,29981,29979,29962,29987,29988,29992,29993,29996,29997]} 1. e4 e6 2. d4 d5 3. Nd2 Be7 4. Ngf3 Nf6 5. e5 Nfd7 6. Bd3 c5 7. O-O {C03: French Tarrasch: Unusual Black 3rd moves} (7. c3 Nc6 8. O-O g5 9. Qe2 h5 10. Qe3 Qb6 11. b4 cxd4 12. cxd4 Nxb4 13. Rb1 Qa5 14. Be2 g4 15. Ne1 Nb6 16. Nb3 Qa4 {½-½ (30) Xiong,J (2634)-Van Foreest,J (2629) Wijk aan Zee 2018}) 7... Nc6 8. Re1 g5 9. h3 h5 10. c4 {[%cal Bc2c4,Bc4d5,Bd5d6][%mdl 32] LiveBook: 5 Games} g4 11. cxd5 Nb4 (11... exd5 $11 12. e6 fxe6) 12. Ne4 $16 {And now dxe6 would win.} Nxd3 $146 (12... gxf3 $16 13. dxe6 Nxe5 14. Bb5+ Nbc6) ({Predecessor:} 12... Nxd5 13. hxg4 hxg4 14. Nh2 cxd4 15. Nxg4 {1-0 (27) Tesik,C (2353)-Berchtenbreiter,M (2336) Pardubice 2012}) 13. Qxd3 $18 {[#] dxe6 is the strong threat.} gxf3 $2 (13... c4 {was called for.} 14. Qxc4 Nb6) 14. d6 Bf8 15. Bg5 Qa5 16. d5 c4 17. Qxf3 Bg7 18. Rad1 Rh7 19. Bf6 Bxf6 20. exf6 {[%cal Be5f6,Bf6f7][%mdl 32]} Nf8 {[#]} 21. d7+ $1 {[%mdl 512]} Nxd7 (21... Bxd7 22. Nd6+) 22. Nd6+ {White mates.} Kd8 23. dxe6 fxe6 24. Rxe6 Qb4 25. f7 Kc7 26. Ne8+ {Precision: White = 100%, Black = 28%.} 1-0